• 首页
  • 本馆介绍
  • 公告通知
  • 最新文献
  • 馆藏检索
  • 电子资源
  • 读者导购
  • 参考咨询
  • 我的图书馆
  • 登录
  • 详细信息显示
  • 放入我的书架
  • 预约/预借图书
  • 作者相关作品
  • 分类相关作品
  • 丛书相关作品
  • 出版社相关作品

书目信息

  • 表格格式
  • 工作单格式
  • 卡片格式
题名:
长江三峡地理
    
 
作者: 黄健民 编著
分册:  
出版信息: 北京   科学出版社  2011.08
页数: 398页
开本: 26cm
丛书名:
单 册:
中图分类: K928.42 , TV882.2
科图分类:
主题词: 三峡水利工程--研究 , 地理 , 三峡水利工程
电子资源:
ISBN: 978-7-03-031859-6
000 01193nam0 2200301 450
001 010020001125
005 20130504101346.55
010    @a978-7-03-031859-6@dCNY80.00
100    @a20110823d2011 em y0chiy50 ea
101 0  @achi
102    @aCN@b110000
105    @aabfkz 000yy
106    @ar
200 1  @a长江三峡地理@9chang jiang san xia di li@f黄健民编著
205    @a2版
210    @a北京@c科学出版社@d2011.08
215    @a398页@c图,地图,图版(21页)@d26cm
330    @a本书系统地描述了长江概况;论述了长江中上游防护林工程的重大意义;切实保护长江水质;科学开发金沙江流域的水能资源;南水北调中线工程;建设长江隧道;高度关注长江流域湿地;长江流域的开发。全面论述了长江三峡工程的巨大综合效益;长江三峡工程面临的主要问题;叙述了长江三峡工程建设;科学地论述了三峡水库蓄水后社会关注的热点问题;三峡库区地质灾害的特点、变化趋势及防治;三峡水库触发地震问题;三峡水库水环境保护。
606 0  @a三峡水利工程@x研究
606 0  @a地理
606 0  @a三峡水利工程
607    @a长江流域@x地理
607    @a长江流域
690    @aK928.42@v4
690    @aTV882.2@v4
701  0 @a黄健民@9huang jian min@4编著
801  0 @aCN@bRENTIAN@c20110823
905    @b543055-59@dK928.42@e595=2@f5
    
    长江三峡地理/黄健民编著.-2版.-北京:科学出版社,2011.08
    398页:图,地图,图版(21页);26cm
    
    
    ISBN 978-7-03-031859-6:CNY80.00
    本书系统地描述了长江概况;论述了长江中上游防护林工程的重大意义;切实保护长江水质;科学开发金沙江流域的水能资源;南水北调中线工程;建设长江隧道;高度关注长江流域湿地;长江流域的开发。全面论述了长江三峡工程的巨大综合效益;长江三峡工程面临的主要问题;叙述了长江三峡工程建设;科学地论述了三峡水库蓄水后社会关注的热点问题;三峡库区地质灾害的特点、变化趋势及防治;三峡水库触发地震问题;三峡水库水环境保护。
●
相关链接 在E读中查询图书 在五车中查询图书 在当当中查询图书 在豆瓣中查询图书


正题名:长江三峡地理     索取号:K928.42/595=2         预约/预借

序号 登录号 条形码 馆藏地/架位号 状态 备注
1 543055   205430559   第二样本阅览室/ [索取号:K928.42/595=2] 在馆    
2 543056   205430568   第二借阅区/ [索取号:K928.42/595=2] 在馆    
3 543057   205430577   第二借阅区/ [索取号:K928.42/595=2] 在馆    
4 543058   205430586   第二借阅区/ [索取号:K928.42/595=2] 在馆    
5 543059   205430595   密集书库-资源管理系/ [索取号:K928.42/595=2] 在馆    
唐山师范学院图书馆 欢迎您!
大连网信软件有限公司© 版权所有